00322pab a2200133 454500008004300000100001800043245003500061260001200096300001300108362001100121650001500132700002200147773001900169180718b2003-04 xxu||||| |||| 00| 0 eng d aNewman, Peter aThe pacific leadership academy c2003-04 ap.40-42. aWinter aLeadership aMcDonough, Louise aPublic Manager